| 000 | 01723cam a2200481 a 4500 | ||
|---|---|---|---|
| 001 | 20148 | ||
| 003 | VRT | ||
| 005 | 20260117124252.0 | ||
| 008 | 250414s1958 xo a 000 0 slo | ||
| 015 | _aSNBA1958 | ||
| 020 | _q(brož.) | ||
| 035 | _aSK01SNK19580024308 | ||
| 035 | _aurn:nbn:sk:snk-amk2t8 | ||
| 035 | _aurn:nbn:sk:snk-am0083iw | ||
| 035 | _a43B2D547-A3C7-4B0B-908A-DD6EC13EBF93 | ||
| 035 | _aSKM000026771 | ||
| 039 | 9 |
_a202504141318 _bVLOAD _c202403151954 _dVLOAD _c202301161110 _dVLOAD _c202206161337 _dAUTHORITY |
|
| 040 |
_aSNK _bslo _cSNK _eAACR2 |
||
| 041 | 0 |
_aslo _ager _apol |
|
| 044 |
_axo _cSK |
||
| 080 |
_a908.:779 _21981 |
||
| 080 |
_a779 _21981 |
||
| 100 | 1 |
_aHalaša, Ján, _d1893-1981 _4aut |
|
| 245 | 1 | 0 |
_aLiptovské hole a Chočské pohorie _c[autori:] Ján Halaša, Štefan Marton |
| 260 |
_aMartin _bOsveta _c1958 _eMartin _fSeveroslovenské tlačiarne |
||
| 300 |
_a[20] s., 148 _bobr. _c4° |
||
| 366 | _e11200 výt. | ||
| 546 | _aSúbežný text v nem. a poľ. | ||
| 651 | 7 |
_aRoháče (Západné Tatry, Slovensko : pohorie) _2SNKPH |
|
| 651 | 7 |
_aChočské vrchy (Slovensko : pohorie) _2SNKPH |
|
| 655 | 7 |
_afotografické publikácie _2SNKPH |
|
| 700 | 1 |
_aMarton, Štefan, _d1917-2001 _4aut |
|
| 942 |
_2ddc _cOLDO _n0 |
||
| 949 |
_6273K0071851 _asvkpoC 4203 _bsvkpo54946 |
||
| 949 |
_649505A02126 _almsmopaj77.04 _blmsmopaj11058 |
||
| 949 |
_617A0764719 _asnkSB 4879 _s6100:20140925 |
||
| 949 |
_617A0311527 _9P60, <04>, [BOOK], {604} _asnkSB 4879 D1 |
||
| 949 |
_64710708248 _astrmkN 908 _bstrmk2008/8248 |
||
| 949 |
_60133049488 _asnmk _bsnmk49488 |
||
| 949 |
_60133011646 _asnmk _bsnmk11646 |
||
| 999 |
_c20148 _d20148 |
||